书目信息 |
| 题名: |
摄影测量过程自动化
|
|
| 作者: | 弗里德曼 主编 ;凯思 , 张祖勋 编 | |
| 分册: | ||
| 出版信息: | 北京 测绘出版社 1984 |
|
| 页数: | 60页 | |
| 开本: | 19cm | |
| 丛书名: | ||
| 单 册: | ||
| 中图分类: | P23 | |
| 科图分类: | ||
| 主题词: | 摄影测量法-自动化 , 自动化-摄影测量法 | |
| 电子资源: | ||
| ISBN: | ||
| 000 | 00821nam0 2200277 45 | |
| 001 | 0184001863 | |
| 005 | 20040520145108.0 | |
| 010 | @dCNY0.50 | |
| 091 | @a15039.新358 | |
| 100 | @a19951109d1984 em y0chiy0121 ea | |
| 101 | 1 | @achi@ceng |
| 102 | @aCN@b110000 | |
| 105 | @ay z 000yy | |
| 106 | @ar | |
| 200 | 10 | @a摄影测量过程自动化@e美国《摄影测量手册》节选之五@Ashe ying ce liang guo cheng zi dong hua@f(美)弗里德曼主编@g(美)凯思等编@g张祖勋译 |
| 210 | @a北京@c测绘出版社@d1984 | |
| 215 | @a60页@d19cm | |
| 606 | @a摄影测量法-自动化 | |
| 606 | @a自动化-摄影测量法 | |
| 690 | @aP23@v3 | |
| 701 | 1 | @a弗里德曼@4主编@Afu li de man |
| 702 | 1 | @a凯思@4编@Akai si |
| 702 | 0 | @a张祖勋@4译@Azhang zu xun |
| 801 | 0 | @aCN@b深圳图书馆@c20040520 |
| 801 | 2 | @aCN@bNLC@c20040520 |
| 905 | @f2@b140280-281@dP23@e34 | |
| 摄影测量过程自动化:美国《摄影测量手册》节选之五/(美)弗里德曼主编/(美)凯思等编/张祖勋译.-北京:测绘出版社,1984 |
| 60页;19cm |
| ISBN :CNY0.50 |
| ● |
| 相关链接 |
|
|
|
|
正题名:摄影测量过程自动化
索取号:P23/34
 
预约/预借
| 序号 | 登录号 | 条形码 | 馆藏地/架位号 | 状态 | 备注 |
| 1 | 0140280 | 000625746 | 第三借阅区/ [索取号:P23/34] | 在馆 | |
| 2 | 0140281 | 000625755 | 第三借阅区/ [索取号:P23/34] | 在馆 | |
| 3 | 0140282 | 202105774 | 第二样本阅览室/ [索取号:P23/34] | 在馆 |